Rocky characters - Statistics

General Stats
  • This quiz has been taken 232 times
  • The average score is 8 of 13
Answer Stats
Hint Answer % Correct
creed apollo
96%
balboa rocky
96%
drago ivan
91%
gunn tommy
80%
pennino adrian
75%
mr T clubber lang
75%
Pennino Paulie
64%
hulk hogan thunder lips
59%
goldmil mickey
58%
the line dioxon mason
47%
duke tony
27%
creed mary ann
9%
sage stallone rocky balboa jr
9%
No matching quizzes found
Score Distribution
Percent of People with Each Score
Percentile by Number Answered
Your Score History
You have not taken this quiz